| 000 | 00738nas a2200241 4500 | ||
|---|---|---|---|
| 001 | BR9800102 | ||
| 003 | BR-BrBNA | ||
| 005 | 20231205100651.0 | ||
| 007 | ta | ||
| 008 | 230509b bl.|||p| |||| 00| 00por d | ||
| 040 |
_aBR-BrBNA _bpor _cBiblioteca Nacional de Agricultura |
||
| 041 | _a(Pt) | ||
| 072 | _aK10 | ||
| 100 | 1 | _aScalon, S. de P.O. | |
| 100 | 1 | _aAlvarenga, A.A. de | |
| 245 | 1 | _aEfeito do sombreamento sobre a formacao de mudas de pau-pereira (Platycyamus regnelli Benth) | |
| 650 | _aPau Pereira | ||
| 650 | _aMuda | ||
| 650 | _aSombreamento | ||
| 773 | 0 |
_tRevista Arvore (Brazil) _xISSN 0100-6762 _g(Sep-Dec 1993), v. 17(3) p. 265-270 _wBR9800102 |
|
| 909 |
_a202311 _bLúcia _c55 _dLúcia Elande |
||
| 942 |
_2AGRIS _n0 _cANA |
||
| 999 |
_c157347 _d157347 |
||